000 00180nam a22000977a 4500
999 _c527776
_d527776
003 NUST
038 _awaseem
082 _a297.692
_bRUM
245 _aRumi Papers /
942 _2ddc
_cBK